000 00542nam a2200205Ia 4500
005 20250508170019.0
008 008 250505s9999 xx 000 0 hin d
020 _a978-81-7138-256-9
037 _aTextual
040 _aFEDL
_beng
_cFEDL
041 _ahin
_2eng
084 _a305.42, GEE
_qFEDL
100 _aGeetashree
_9400676
245 0 _aAurat ki boli
260 _aNew Delhi, India
_bSamayik Prakashan
_c2014
300 _a176p.
365 _aINR
_b120
942 _cTEXL
_h305.42, GEE
999 _c1398691
_d1398691